|
|
|
|
| LEADER |
00698nta a2200205 i 4500 |
| 001 |
dokt6591 |
| 005 |
20220707154410.0 |
| 008 |
220707s1983 hu om 0|| hun d |
| 040 |
|
|
|a SZTE Doktori Repozitórium
|b hun
|
| 041 |
|
|
|a hun
|
| 100 |
1 |
|
|a Dévényi Károly
|
| 245 |
1 |
2 |
|a A VDDS kisszámítógép fejlesztéséről
|h [elektronikus dokumentum] /
|c Dévényi Károly
|
| 260 |
|
|
|c 1983
|
| 502 |
|
|
|a Disszertacio
|
| 650 |
|
4 |
|a informatikai tudományok
|
| 650 |
|
4 |
|a Természettudományok
|
| 650 |
|
4 |
|a Számítás- és információtudomány
|
| 695 |
|
|
|a Informatika
|
| 700 |
1 |
|
|a Makay Árpád
|e ths
|
| 856 |
4 |
0 |
|u https://doktori.bibl.u-szeged.hu/id/eprint/6591/1/1983_devenyi_karoly.pdf
|z Dokumentum-elérés
|